Statistics for 2023-24 NHL ALL STAR PLAYER BY TEAM

Click here to take the quiz!

General Stats

  • This quiz has been taken 93 times
  • The average score is 22 of 32

Answer Stats

HintAnswer% Correct
Boston BruinsDavid Pastrnak / Jeremy Swayman
95%
Chicago BlackhawksConnor Bedard
94%
Vancouver CanucksQuinn Hughes / Elias Pettersson / Thatcher Demko / Brock Boeser / J.T. Miller
94%
Edmonton OilersConnor McDavid / Leon Draisaitl
92%
Colorado AvalancheNathan MacKinnon / Cale Makar / Alexandar Georgiev
92%
Toronto Maple LeafsMorgan Rielly / Mitch Marner / Auston Matthews / William Nylander
89%
New Jersey DevilsJack Hughes / Jesper Bratt
87%
Carolina HurricanesSebastian Aho
87%
Arizona CoyotesClayton Keller
85%
Ottawa SenatorsBrady Tkachuk
82%
Pittsburgh PenguinsSidney Crosby
81%
Montreal CanadiensNick Suzuki
79%
Tampa Bay LightningNikita Kucherov
76%
Buffalo SabresRasmus Dahlin
74%
New York IslandersMathew Barzal
73%
New York RangersIgor Shesterkin / Vincent Trocheck
71%
Minnesota WildKirill Kaprizov
71%
Winnipeg JetsConnor Hellebuyck / Kyle Connor
68%
Dallas StarsJake Oettinger
66%
Calgary FlamesElias Lindholm
63%
Nashville PredatorsFilip Forsberg
63%
Detroit Red WingsAlex DeBrincat
61%
Florida PanthersSam Reinhart / Sergei Bobrovsky
61%
Columbus Blue JacketsBoone Jenner
55%
San Jose SharksTomas Hertl
55%
Vegas Golden KnightsJack Eichel
52%
Philadelphia FlyersTravis Konecny
45%
Anaheim DucksFrank Vatrano
42%
Washington CapitalsTom Wilson
40%
Los Angeles KingsCam Talbot
37%
St. Louis BluesRobert Thomas
32%
Seattle KrakenOliver Bjorkstrand
31%

Score Distribution

Percentile by Number Answered

Percent of People with Each Score

Your Score History

You have not taken this quiz